000 01263nam a2200337 i 4500
003 EG-GICUC
005 20260408104427.0
008 260408s19861406ua ||||fr|||| 00| 0 ara d
017 _a86/1649
040 _a EG-GICUC
_bara
_c EG-GICUC
_d EG-GICUC
_erda
041 _aara
082 0 4 _221
_a343.421
_bع ز . م
092 0 4 _221
099 _aLaw1 10 343.421 ع ز . م 1 ed - 1986
100 0 _aعزت حسنين
_eمؤلف.
245 1 2 _aالمسكرات والمخدرات بين الشريعة والقانون :
_bدراسة مقارنة /
_cالمستشار عزت حسنين.
264 1 _aلا يوجد مكان نشر محدد :
_bلا يوجد ناشر محدد،
_c1986.
300 _a399 صفحة ;
_c24 سم.
336 _2rda content
_atext
337 _2rda media
_aComputer
338 _2rda carrier
_aOnline Resource
504 _aيشتمل على إرجاعات ببليوجرافية.
546 _aالنص باللغة العربية
650 1 _aالقانون الجنائي
650 1 _a التشريعات المتعلقة بالمخدرات
650 1 _aالمسكرات
650 1 _aالمخدرات
856 4 0 _uhttps://fll.law.cu.edu.eg/fulltext/bks/B10-09213.pdf
905 _a43
942 _2ddc
_n0
_cBK
_e21
999 _c69589
_d69589